00414 2200145 4500001002100000008004100021035002000062245006000082100001900142260003100161300002000192082001200212650003100224990001300255INLIS000000000000645 ind  a0010-0322000645 aRUKUN ISLAM PANDUAN LENGKAP BERIBADAH ANAK MUSLIMcIKHA aGIBRAN MAULANA aSURABAYAbCV CAHAYA AGENCY a32 hlm.c27 cm. a297.739 aPENDIDIKAN ISLAM - SEJARAH a102871-1